Tottenham 2020s Champions League Scorers - Statistics

General Stats
  • This quiz has been taken 52 times
  • The average score is 9 of 13
Answer Stats
Goals Nationality Player % Correct
7 English Harry Kane
100%
7 Korean Son Heung-min
100%
2 Brazilian Richarlison
96%
1 Uruguayan Rodrigo Bentancur
91%
1 Danish Christian Eriksen
89%
1 Danish Pierre Emile Hojbjerg
85%
1 Brazilian Lucas Moura
77%
1 Ivorian Serge Aurier
70%
1 Argentine Erik Lamela
66%
1 English Dele Alli
57%
1 Argentine Giovani Lo Celso
47%
1 French Clement Lenglet
17%
1 English Ryan Sessegnon
15%
No matching quizzes found
Score Distribution
Percent of People with Each Score
Percentile by Number Answered
Your Score History
You have not taken this quiz